Física
Αποθηκεύτηκε σε:
| Κύριοι συγγραφείς: | , |
|---|---|
| Μορφή: | Βιβλίο |
| Γλώσσα: | Ισπανικά |
| Έκδοση: |
Wilmington
Addison-Wesley Iberoamericana
1995
|
| Θέματα: | |
| Ετικέτες: |
Προσθήκη ετικέτας
Δεν υπάρχουν, Καταχωρήστε ετικέτα πρώτοι!
|
MARC
| LEADER | 00000nam a2200000 a 4500 | ||
|---|---|---|---|
| 001 | UCU4330 | ||
| 003 | CL-VaPUC | ||
| 008 | 960517e19950000US |||||||||||||||||spa|d | ||
| 082 | 0 | 4 | |a 530 |b ALO |2 21 |
| 100 | 0 | |a Alonso, Marcelo |e author |9 361863 | |
| 700 | 0 | |a Finn, Edward J |e author |9 361864 | |
| 245 | 1 | 0 | |a Física |
| 300 | |a 969 p | ||
| 942 | |c BK | ||
| 945 | |d 19960517 00:00:00 |a rbrito | ||
| 260 | |a Wilmington |b Addison-Wesley Iberoamericana |c 1995 | ||
| 650 | 0 | |a Física |9 227844 | |
| 650 | 0 | |a Termodinámica |9 259320 | |
| 650 | 0 | |a Mecánica |9 260096 | |
| 650 | 0 | |a Ondas |9 260165 | |
| 650 | 0 | |a Electromagnetismo |9 260123 | |
| 583 | |a last modification |c 20180320 05:46:40 |k Rodrigo Vera | ||
| 999 | |c 248075 |d 248073 | ||
| 952 | |0 0 |1 0 |4 0 |6 530_000000000000000_ALO_1995 |7 0 |8 A |9 264433 |a BIBCUR |b BIBCUR |d 2019-11-19 |i 3201899 |o 530 ALO 1995 |p 3201899 |r 2025-04-22 |w 2019-11-19 |y BK |k BCB | ||
| 952 | |0 0 |1 0 |4 0 |6 530_000000000000000_ALO_1995 |7 0 |8 A |9 264434 |a BIBCUR |b BIBCUR |d 2019-11-19 |i 3201902 |o 530 ALO 1995 |p 3201902 |r 2025-04-22 |w 2019-11-19 |y BK |k BCB | ||
| 952 | |0 0 |1 0 |4 0 |6 530_000000000000000_ALO_1995 |7 0 |8 A |9 264435 |a BIBCUR |b BIBCUR |d 2019-11-19 |i 3201910 |l 1 |o 530 ALO 1995 |p 3201910 |r 2025-04-22 |s 2023-11-15 |w 2019-11-19 |y BK |k BCB | ||
| 952 | |0 0 |1 0 |4 0 |6 530_000000000000000_ALO_1995 |7 0 |8 A |9 264436 |a BIBCUR |b BIBCUR |d 2019-11-19 |i 3201929 |l 1 |o 530 ALO 1995 |p 3201929 |r 2025-04-22 |s 2024-09-26 |w 2019-11-19 |y BK |k BCB | ||
| 952 | |0 0 |1 0 |4 0 |6 530_000000000000000_ALO_1995 |7 0 |8 A |9 264437 |a BIBING |b BIBING |d 2019-11-19 |i 3202283 |o 530 ALO 1995 |p 3202283 |r 2025-01-20 |w 2019-11-19 |y BK |k EIQ | ||
| 952 | |0 0 |1 0 |4 0 |6 530_000000000000000_ALO_1995 |7 0 |8 A |9 264438 |a BIBCUR |b BIBCUR |d 2019-11-19 |i 346542K |o 530 ALO 1995 |p 346542K |r 2025-04-22 |w 2019-11-19 |y BK |k FIS | ||
| 952 | |0 0 |1 0 |4 0 |6 530_000000000000000_ALO_1995 |7 0 |8 A |9 264439 |a BIBCUR |b BIBCUR |d 2019-11-19 |i 3465446 |o 530 ALO 1995 |p 3465446 |r 2025-04-22 |w 2019-11-19 |y BK |k FIS | ||
| 952 | |0 0 |1 0 |4 0 |6 530_000000000000000_ALO_1995 |7 0 |8 A |9 264440 |a BIBCUR |b BIBCUR |d 2019-11-19 |i 3465462 |o 530 ALO 1995 |p 3465462 |r 2025-04-22 |w 2019-11-19 |y BK |k FIS | ||
| 952 | |0 0 |1 0 |4 0 |6 530_000000000000000_ALO_1995 |7 0 |8 A |9 264441 |a BIBCUR |b BIBCUR |d 2019-11-19 |i 3465470 |o 530 ALO 1995 |p 3465470 |r 2025-04-22 |w 2019-11-19 |y BK |k FIS | ||
| 952 | |0 0 |1 0 |4 0 |6 530_000000000000000_ALO_1995 |7 0 |8 A |9 264442 |a BIBCUR |b BIBCUR |d 2019-11-19 |i 3465497 |o 530 ALO 1995 |p 3465497 |r 2025-04-22 |w 2019-11-19 |y BK |k FIS | ||
| 952 | |0 0 |1 0 |4 0 |6 530_000000000000000_ALO_1995 |7 0 |8 A |9 264443 |a BIBCUR |b BIBCUR |d 2019-11-19 |i 3465500 |o 530 ALO 1995 |p 3465500 |r 2025-04-22 |w 2019-11-19 |y BK |k FIS | ||
| 952 | |0 0 |1 0 |4 0 |6 530_000000000000000_ALO_1995 |7 0 |8 A |9 264444 |a BIBCUR |b BIBCUR |d 2019-11-19 |i 3465519 |o 530 ALO 1995 |p 3465519 |r 2025-04-22 |w 2019-11-19 |y BK |k FIS | ||
| 952 | |0 0 |1 0 |4 0 |6 530_000000000000000_ALO_1995 |7 0 |8 A |9 264445 |a BIBING |b BIBING |d 2019-11-19 |i 355810K |o 530 ALO 1995 |p 355810K |r 2025-01-20 |w 2019-11-19 |y BK |k ING | ||
| 952 | |0 0 |1 0 |4 0 |6 530_000000000000000_ALO_1995 |7 0 |8 A |9 264446 |a BIBING |b BIBING |d 2019-11-19 |h v.1 |i 3558118 |l 2 |o 530 ALO 1995 |p 3558118 |r 2025-01-20 |s 2024-03-19 |w 2019-11-19 |y BK |k ING | ||
| 952 | |0 0 |1 0 |4 0 |6 530_000000000000000_ALO_1995 |7 0 |8 A |9 264452 |a BIBING |b BIBING |d 2019-11-19 |i 3598039 |l 1 |m 1 |o 530 ALO 1995 |p 3598039 |r 2025-01-20 |s 2024-10-03 |w 2019-11-19 |y BK |k ING | ||
| 952 | |0 0 |1 0 |4 0 |6 530_000000000000000_ALO_1995 |7 0 |8 A |9 264453 |a BIBCUR |b BIBCUR |d 2019-11-19 |i 4725298 |o 530 ALO 1995 |p 4725298 |r 2025-04-22 |w 2019-11-19 |y BK |k BCB | ||